[Event "Wch U12"]
[Site "Maribor"]
[Date "2012.11.14"]
[Round "7.65"]
[White "Kolsek, Jan"]
[Black "Vishesh, Agrawal"]
[Result "0-1"]
[WhiteElo "1706"]
[BlackElo "1364"]
[PlyCount "54"]
[EventDate "2012.11.08"]
[EventType "swiss"]
[EventRounds "11"]
[EventCountry "SLO"]
[SourceTitle "EXT 2013"]
[Source "ChessBase"]
[SourceDate "2012.11.22"]
[SourceVersion "1"]
[SourceVersionDate "2012.11.22"]
[SourceQuality "1"]

1. e4 c5 2. Nf3 Nc6 3. d4 cxd4 4. Nxd4 Nf6 5. Nc3 e5 6. Ndb5 d6 7. Bg5 a6 8. Na3 b5 9. Nd5 Be7 10. Nxe7 Nxe7 11. c4 Nxe4 12. Bxe7 Qa5+ 13. Ke2 Kxe7 14. Ke3 f5 15. Qe2 Qb6+ 16. Kf3 Bb7 17. Qe1 Nxf2+ 18. Ke2 Nxh1 19. Qh4+ Kf7 20. Ke1 Qe3+ 21. Be2 Bxg2 22. cxb5 Qg1+ 23. Kd2 Qxa1 24. Bc4+ d5 25. Kc2 dxc4 26. Nxc4 Be4+ 27. Kb3 Qd1+ 0-1

[Event "Wch U12"]
[Site "Maribor"]
[Date "2012.11.12"]
[Round "6.66"]
[White "Vishesh, Agrawal"]
[Black "Brandis, Benjamin"]
[Result "1/2-1/2"]
[WhiteElo "1364"]
[BlackElo "1712"]
[PlyCount "91"]
[EventDate "2012.11.08"]
[EventType "swiss"]
[EventRounds "11"]
[EventCountry "SLO"]
[SourceTitle "EXT 2013"]
[Source "ChessBase"]
[SourceDate "2012.11.22"]
[SourceVersion "1"]
[SourceVersionDate "2012.11.22"]
[SourceQuality "1"]

1. Nf3 Nf6 2. g3 g6 3. Bg2 Bg7 4. 0-0 0-0 5. d4 d5 6. c4 c6 7. Nc3 Bg4 8. cxd5 cxd5 9. Bf4 Nc6 10. Ne5 Bf5 11. Rc1 h6 12. Nxd5 Nxd5 13. Nxc6 bxc6 14. Rxc6 Nxf4 15. gxf4 Rc8 16. Rxc8 Qxc8 17. e3 Bh3 18. Bxh3 Qxh3 19. Qd2 Rb8 20. Rc1 Rb5 21. Qe2 Rh5 22. f3 g5 23. fxg5 Rxg5+ 24. Kh1 e5 25. dxe5 Rxe5 26. b3 Rg5 27. Rg1 Rf5 28. Rg3 Qh4 29. Qc2 Qf6 30. Qc8+ Kh7 31. Qc2 Qe5 32. Kg2 Qc5 33. Qd3 Kg8 34. Qd8+ Qf8 35. Qd4 a5 36. Qh4 Qd6 37. Qg4 Qd2+ 38. Kh3 Rg5 39. Qc8+ Kh7 40. Rxg5 hxg5 41. Qf5+ Kh6 42. e4 Qf2 43. Qg4 Qxa2 44. Qf5 Qxb3 45. Kg3 a4 46. Qh3+ 1/2-1/2